[Event "Poente"]
[Site "http://www.queenalice.com/game.php?id=1462909"]
[Date "2017.2.5"]
[Round "-"]
[White "rossi"]
[Black "ulisses67"]
[Result "1-0"]
[WhiteElo "1205"]
[BlackElo "1435"]

1. e4 e5 2. Nf3 Qf6 3. b3 Bc5 4. Bb2 d6 5. Nc3 Ne7 6. Bc4 Be6 7. Bxe6 fxe6 8.
Qe2 d5 9. exd5 exd5 10. Nxe5 d4 11. Nb5 Na6 12. O-O c6 13. Nxd4 Nb4 14. c3 Nbd5
15. Rae1 h5 16. Qc4 Bd6 17. Nef3 O-O-O 18. Ne6 Rde8 19. Qd4 Qxd4 20. Nfxd4 h4
21. Nxg7 Reg8 22. Ngf5 Nxf5 23. Nxf5 Bf4 24. c4 Rh5 25. cxd5 Rxf5 26. dxc6 b6
27. d4 Kc7 28. Re7+ Kxc6 29. Rxa7 Bc7 30. Rc1+ Kd6 31. Raxc7 1-0

[Event "Brunhilde"]
[Site "http://www.queenalice.com/game.php?id=1463059"]
[Date "2017.2.6"]
[Round "-"]
[White "rossi"]
[Black "Copelipon"]
[Result "0-1"]
[WhiteElo "1100"]
[BlackElo "1740"]

1. e4 c5 2. Nf3 Nc6 3. d4 cxd4 4. Nxd4 Nf6 5. Nc3 e5 6. Nxc6 bxc6 7. Bg5 Be7 8.
Bc4 O-O 9. h4 d6 10. h5 h6 11. Bh4 Be6 12. Bxe6 fxe6 13. g4 Qb6 14. Qc1 Nxg4 15.
Rf1 Bxh4 0-1

[Event "Dorothea"]
[Site "http://www.queenalice.com/game.php?id=1463302"]
[Date "2017.2.8"]
[Round "-"]
[White "rossi"]
[Black "rogeriocastro"]
[Result "1-0"]
[WhiteElo "1649"]
[BlackElo "1372"]

1. e4 e5 2. Nf3 Nc6 3. Bb5 Bb4 4. O-O Nf6 5. a3 Bd6 6. d4 exd4 7. Nxd4 Nxd4 8.
Qxd4 O-O 9. e5 Bxe5 10. Qxe5 d6 11. Qd4 Re8 12. Bxe8 Qxe8 13. Nc3 Bg4 14. Bg5
Rd8 15. Bxf6 gxf6 16. Qxf6 Qe6 17. Qxd8+ Kg7 18. Rfe1 Qh6 19. Re8 1-0

[Event "Else"]
[Site "http://www.queenalice.com/game.php?id=1463303"]
[Date "2017.2.7"]
[Round "-"]
[White "ulisses34"]
[Black "rossi"]
[Result "0-1"]
[WhiteElo "1804"]
[BlackElo "1100"]

1. e4 Nf6 2. d3 e5 3. Nf3 Nc6 4. Bd2 d5 5. exd5 Nxd5 6. Nc3 Be6 7. Be2 Nf4 8.
Bxf4 Qf6 9. Bg5 Qg6 10. Ne4 h6 11. Nh4 Qh7 12. Be3 Be7 13. Nf3 Qg6 14. Ng3 f5
15. Bd2 f4 16. Ne4 Qxg2 17. Rg1 Qh3 18. Bc3 O-O-O 19. Bxe5 Nxe5 20. Nxe5 Qxh2
21. Nf3 Qh3 22. Bf1 Qf5 23. Qd2 Bd5 24. Nd4 Qe5 25. Qc3 Bxe4 26. dxe4 Qxd4 27.
Bh3+ Kb8 28. Qxd4 Rxd4 29. Bf5 Bf6 30. c3 Rd6 31. f3 g5 32. Rg4 Rd3 33. e5 Re3+
34. Kf2 Rxe5 35. Be4 Rd8 36. Ke2 h5 37. Rg2 g4 38. Rh2 h4 39. Rhh1 Rde8 40. Kd3
gxf3 41. Bg6 Rd8+ 42. Kc4 Rd2 43. Kb3 Rb5+ 44. Kc4 Rbxb2 45. Rhe1 b5+ 46. Kc5
Bxc3 47. Re8+ Kb7 48. Be4+ Ka6 49. Re6+ Ka5 50. Bxf3 Bb4+ 51. Kc6 Rd6+ 52. Rxd6
Bxd6 53. Kb7 a6 54. Ka7 c5 55. Bb7 h3 56. Rd1 Be5 57. Rd5 Bd4 58. a3 c4+ 59.
Rxd4 c3 60. Be4 c2 0-1

[Event "Frauke"]
[Site "http://www.queenalice.com/game.php?id=1463310"]
[Date "2017.2.8"]
[Round "-"]
[White "rogeriocastro"]
[Black "rossi"]
[Result "0-1"]
[WhiteElo "1372"]
[BlackElo "1642"]

1. e4 Nf6 2. e5 Nd5 3. Nc3 Nxc3 4. bxc3 Nc6 5. Nf3 g6 6. Bb5 Bg7 7. Bxc6 dxc6 8.
O-O O-O 9. Re1 c5 10. Re4 b6 11. Ne1 Bb7 12. Re2 Qd5 13. Nf3 Rad8 14. Qe1 f6 15.
exf6 Bxf6 16. d3 e5 17. Bg5 c4 18. dxc4 Qc6 0-1

[Event "Irmgard"]
[Site "http://www.queenalice.com/game.php?id=1463903"]
[Date "2017.2.11"]
[Round "-"]
[White "rossi"]
[Black "knight576"]
[Result "0-1"]
[WhiteElo "1100"]
[BlackElo "2103"]

1. e4 e5 2. Nf3 Nc6 3. Bb5 Be7 4. d4 exd4 5. Nxd4 Bf6 6. Nxc6 bxc6 7. Ba4 Rb8 8.
Bb3 d6 9. Nd2 d5 10. Qe2 d4 11. e5 Bg5 12. Nf3 Bxc1 13. Rxc1 Nh6 14. Rd1 c5 15.
c3 O-O 16. cxd4 cxd4 17. Rxd4 Qe7 18. O-O Rb6 19. Rc1 c5 20. Rd2 Bf5 21. Qe3 Rc8
22. Bd5 Kf8 23. a3 Rg6 24. b4 cxb4 25. Rxc8+ Bxc8 26. Rc2 Qd7 27. Rd2 bxa3 28.
Qxa3+ Qe7 29. Qxe7+ Kxe7 30. Rc2 Ra6 31. h3 Be6 32. Bxe6 Kxe6 33. Ng5+ Kxe5 34.
Nxh7 Ra1+ 35. Kh2 a5 36. Ng5 a4 37. Rc5+ Kd4 38. Ra5 a3 39. Nf3+ Kc3 40. g4 Kb2
41. Rb5+ Ka2 42. Nd2 Rc1 43. Kg2 Rc2 44. Ne4 Rb2 45. Ra5 Kb3 46. Rb5+ Kc4 47.
Ra5 a2 48. Kf3 Kb4 49. Ra6 Rb3+ 0-1

[Event "Jolante"]
[Site "http://www.queenalice.com/game.php?id=1463904"]
[Date "2017.2.11"]
[Round "-"]
[White "Daniel1962"]
[Black "rossi"]
[Result "0-1"]
[WhiteElo "1680"]
[BlackElo "1387"]

1. d4 g6 2. Bf4 Bg7 3. e3 Nf6 4. Bc4 d5 5. Bd3 Nc6 6. Nc3 O-O 7. Nf3 Re8 8. Ng5
e5 9. dxe5 Nxe5 10. Bxe5 Rxe5 11. Nf3 Re8 12. h4 d4 13. Nb5 dxe3 14. fxe3 Rxe3+
15. Be2 Bd7 16. Qd2 Ng4 17. Ng5 Bxb5 18. Rd1 Qe8 19. O-O Bxe2 20. Rxf7 Bxd1 21.
Qd5 Kh8 22. Rf1 Re7 23. Nf7+ Rxf7 24. Rxf7 Qe3+ 25. Kf1 Be2+ 0-1

[Event "Let's Play Chess!"]
[Site "http://www.queenalice.com/game.php?id=1464859"]
[Date "2017.2.16"]
[Round "-"]
[White "Rijevski1970"]
[Black "rossi"]
[Result "0-1"]
[WhiteElo "911"]
[BlackElo "1657"]

1. e4 Nf6 2. Nc3 d5 3. d3 dxe4 4. dxe4 Qxd1+ 5. Kxd1 Nc6 6. Nf3 Bg4 7. Be2
O-O-O+ 8. Bd2 Nd4 9. Bc4 Nxf3 10. gxf3 Bxf3+ 11. Ke1 Bxh1 12. e5 Ne4 13. Nxe4
Bxe4 14. Bb3 e6 15. Bg5 Rd7 16. Ba4 Rd4 17. Bb3 Bc5 18. Be3 Rhd8 19. Bxd4 Bxd4
20. f4 Be3 21. f5 Bxf5 22. Ke2 Bf4 23. Rh1 Bxe5 24. h4 Bxb2 25. Rd1 Bf6 26. c4
Bg4+ 27. Ke1 Bc3+ 0-1

[Event "Let's Play Chess!"]
[Site "http://www.queenalice.com/game.php?id=1464860"]
[Date "2017.2.16"]
[Round "-"]
[White "rossi"]
[Black "Rijevski1970"]
[Result "1-0"]
[WhiteElo "1657"]
[BlackElo "911"]

1. e4 e5 2. Nf3 Nc6 3. d4 Nf6 4. d5 Ne7 5. Nxe5 Nxe4 6. Qf3 f5 7. Bc4 d6 8. Nd3
Ng6 9. Qh5 Bd7 10. Nf4 Qf6 11. Nxg6 Qxg6 12. Be2 O-O-O 13. Qxg6 hxg6 14. b3 g5
15. Bb2 Nf6 16. Nc3 Re8 17. f3 Re3 18. O-O-O g6 19. Rhe1 Re7 20. Bb5 Rxh2 21.
Rxe7 Bxe7 22. Rg1 Bxb5 23. Nxb5 1-0

[Event "Kunigunde"]
[Site "http://www.queenalice.com/game.php?id=1464888"]
[Date "2017.2.16"]
[Round "-"]
[White "rossi"]
[Black "PatricioKM"]
[Result "1-0"]
[WhiteElo "1308"]
[BlackElo "1696"]

1. e4 e5 2. Nf3 Nc6 3. Bb5 Nge7 4. d4 exd4 5. Nxd4 a6 6. Ba4 b5 7. Bb3 Nxd4 8.
Qxd4 Nc6 9. Qd5 Qe7 10. Bf4 Qc5 11. Qxf7+ Kd8 12. O-O Nd4 13. Be3 Bb7 14. Nc3 b4
15. Nd5 Bxd5 16. Bxd5 Rb8 17. Bg5+ Kc8 18. Qe8# 1-0

[Event "Notburga"]
[Site "http://www.queenalice.com/game.php?id=1465157"]
[Date "2017.2.17"]
[Round "-"]
[White "josebaron"]
[Black "rossi"]
[Result "1-0"]
[WhiteElo "2000"]
[BlackElo "1595"]

1. e4 Nf6 2. Nc3 d5 3. exd5 Nxd5 4. d4 g6 5. Nf3 Bg7 6. Bc4 Be6 7. Nxd5 Bxd5 8.
Bxd5 Qxd5 9. O-O Nc6 10. c3 O-O-O 11. Be3 e5 12. dxe5 Bxe5 13. Qa4 Kb8 14. Rfd1
Qe6 15. Rxd8+ Rxd8 16. Nxe5 Qxe5 17. g3 f5 18. Bf4 Qe2 19. Be3 Qxb2 20. Rc1 Qe2
21. c4 Qf3 22. h4 Rd3 23. Re1 a6 24. Qc2 Rd8 25. a3 Kc8 26. c5 Re8 27. Qc4 f4
28. Qf7 Kd8 29. Qf6+ Kd7 30. Qxf4 Qxf4 31. Rd1+ Qd6 32. cxd6 cxd6 33. Bc5 Re6
34. Kg2 Kc7 35. Be3 Ne7 36. Bf4 Kd7 37. g4 d5 38. g5 Re4 39. Kg3 Ke6 40. Kg4 d4
41. f3 Re2 42. Rxd4 Ra2 43. Re4+ Kd7 44. Rd4+ Kc6 45. Rc4+ Kb6 46. Rb4+ Kc6 47.
Rc4+ Kb6 48. Rc7 Nc6 49. Rxh7 Rxa3 50. Bc7+ Ka7 51. Rg7 Nd4 52. Rxg6 Rxf3 53.
Bb6+ 1-0

[Event "Ottilie"]
[Site "http://www.queenalice.com/game.php?id=1465214"]
[Date "2017.2.18"]
[Round "-"]
[White "ulisses34"]
[Black "rossi"]
[Result "0-1"]
[WhiteElo "1795"]
[BlackElo "1454"]

1. e4 Nf6 2. Nc3 d5 3. e5 Nfd7 4. Nf3 g6 5. Nxd5 Nxe5 6. c4 Bg7 7. d4 Nec6 8.
Qd2 Be6 9. b3 Bxd5 10. cxd5 Qxd5 11. Bb2 O-O 12. Be2 Rd8 13. O-O Nxd4 14. Nxd4
Bxd4 15. Bxd4 Qxd4 16. Qh6 Nc6 17. Rfd1 Qb2 18. Bf3 Rxd1+ 19. Rxd1 Rd8 20. Qe3
Rxd1+ 21. Bxd1 Qxa2 22. h3 Qa1 23. Qe1 e6 24. Kf1 Ne5 25. Be2 Qxe1+ 26. Kxe1 g5
27. Kd2 f5 28. Ke3 Nc6 29. Bc4 Kf7 30. g3 h5 31. Kf3 a6 32. Ke3 Ne5 33. Bf1 b5
34. Bg2 c5 35. f3 a5 36. f4 gxf4+ 37. gxf4 Ng6 38. Bf3 h4 39. Bh5 Kf6 40. Bf3 e5
41. Bc6 Nxf4 42. Bxb5 Nxh3 43. Bf1 Ng5 0-1

[Event "Let's Play Chess!"]
[Site "http://www.queenalice.com/game.php?id=1465439"]
[Date "2017.2.20"]
[Round "-"]
[White "rossi"]
[Black "charles31"]
[Result "1-0"]
[WhiteElo "1511"]
[BlackElo "1715"]

1. e4 e5 2. Nf3 d6 3. d4 exd4 4. Nxd4 Bd7 5. Nc3 h6 6. Be2 a6 7. Bf3 Nc6 8. Be3
Be7 9. Nd5 Nxd4 10. Bxd4 Bf6 11. Nxf6+ Nxf6 12. Qe2 Qe7 13. e5 dxe5 14. Qxe5 Be6
15. O-O-O O-O 16. Bxb7 Rab8 17. Bxa6 Nd7 18. Qxg7# 1-0

[Event "Let's Play Chess!"]
[Site "http://www.queenalice.com/game.php?id=1465453"]
[Date "2017.2.20"]
[Round "-"]
[White "Rider"]
[Black "rossi"]
[Result "0-1"]
[WhiteElo "1657"]
[BlackElo "1644"]

1. e4 Nf6 2. e5 Nd5 3. d4 d6 4. f4 Nc6 5. c3 g6 6. Bc4 Nb6 7. Bb5 Bd7 8. d5 Na5
9. Bxd7+ Qxd7 10. Qe2 Bg7 11. b4 Nac4 12. a4 dxe5 13. fxe5 Nxe5 14. c4 Nexc4 15.
Ra2 Qxd5 16. a5 Nd7 17. Nf3 Nde5 18. O-O Nxf3+ 19. Rxf3 e5 20. Nc3 Qc6 21. Rf4
Nd6 22. Rf3 O-O 23. a6 b6 24. Rc2 Qd7 25. Nd5 e4 26. Re3 c6 27. Nf4 Bd4 28. Rd2
Bxe3+ 29. Qxe3 Rad8 30. Qd4 Qg4 31. Re2 Nb5 32. Qxe4 Rfe8 33. Qxe8+ Rxe8 34.
Rxe8+ Kg7 35. h3 Qd1+ 36. Kh2 Qxc1 37. h4 Qxf4+ 38. g3 Qxb4 39. Kh3 c5 0-1

[Event "Challenge"]
[Site "http://www.queenalice.com/game.php?id=1465867"]
[Date "2017.2.21"]
[Round "-"]
[White "Rijevski1970"]
[Black "rossi"]
[Result "0-1"]
[WhiteElo "911"]
[BlackElo "1657"]

1. d4 g6 2. e4 b6 3. h4 Bb7 4. Nc3 Bg7 5. Nf3 Nf6 6. Bd3 O-O 7. Be3 Nc6 8. Qd2
Nb4 9. Bc4 Nxe4 10. Nxe4 Bxe4 11. Qxb4 Bxc2 0-1

[Event "Challenge"]
[Site "http://www.queenalice.com/game.php?id=1466111"]
[Date "2017.2.23"]
[Round "-"]
[White "rossi"]
[Black "ulisses34"]
[Result "1-0"]
[WhiteElo "1554"]
[BlackElo "1770"]

1. e4 e5 2. Nf3 Nc6 3. Bb5 d6 4. d4 Bd7 5. Nc3 exd4 6. Nxd4 Nf6 7. Bg5 Ne5 8.
Nd5 h6 9. Nxf6+ gxf6 10. Bf4 Ng6 11. Bg3 Qe7 12. Bxd7+ Qxd7 13. Qf3 Bg7 14. Qb3
c5 15. Nb5 Ne5 16. O-O-O Bf8 17. f4 Ng4 18. e5 d5 19. exf6 Nxf6 20. Rhe1+ Kd8
21. Bh4 Be7 22. Bxf6 c4 23. Bxe7+ Qxe7 24. Rxd5+ Kc8 25. Qh3+ 1-0

[Event "Challenge"]
[Site "http://www.queenalice.com/game.php?id=1466926"]
[Date "2017.2.28"]
[Round "-"]
[White "rossi"]
[Black "ulisses34"]
[Result "1-0"]
[WhiteElo "1595"]
[BlackElo "1767"]

1. e4 Nc6 2. b3 e5 3. Bb2 d5 4. exd5 Qxd5 5. Nc3 Qd6 6. g3 Nf6 7. Bg2 Bf5 8. d3
Ng4 9. Nf3 Nd4 10. O-O a6 11. Re1 Nxf3+ 12. Qxf3 Bc8 13. Ne4 Qh6 14. h3 Nf6 15.
Nxf6+ Qxf6 16. Bxe5 Qxf3 17. Bxf3 Kd7 18. Re2 f6 19. Bf4 Bd6 20. Bxd6 Kxd6 21.
h4 Be6 22. Bxb7 Ra7 23. Bg2 Re8 24. Rae1 Kd7 25. Bh3 f5 26. Bxf5 Bxf5 27. Rxe8
Kc6 28. R1e5 Bd7 29. R8e7 Rb7 30. Rxg7 Rb5 31. Rxb5 1-0

[Event "Challenge"]
[Site "http://www.queenalice.com/game.php?id=1467086"]
[Date "2017.3.2"]
[Round "-"]
[White "seanysean"]
[Black "rossi"]
[Result "0-1"]
[WhiteElo "1500"]
[BlackElo "1629"]

1. d4 g6 2. e4 Nf6 3. e5 Nd5 4. c4 Nb6 5. Nc3 d6 6. exd6 cxd6 7. Nf3 Bg7 8. Be2
Nc6 9. O-O O-O 10. Be3 d5 11. c5 Nc4 12. Bxc4 dxc4 13. Qa4 Nxd4 14. Bxd4 Bxd4
15. Rad1 Bd7 16. Qxc4 Bxc3 17. Qxc3 Qc7 18. h3 Bc6 19. b4 Qf4 20. Ne5 Ba4 21.
Rd3 Rad8 22. Nf3 Rxd3 23. Qxd3 Qxb4 24. Rb1 Qxc5 25. Rxb7 Bc6 26. Rc7 Qc1+ 27.
Kh2 Qf4+ 0-1

[Event "Challenge"]
[Site "http://www.queenalice.com/game.php?id=1469516"]
[Date "2017.3.19"]
[Round "-"]
[White "cyrillt"]
[Black "rossi"]
[Result "1-0"]
[WhiteElo "1603"]
[BlackElo "1666"]

1. Nc3 g6 2. d4 Bg7 3. e4 Nc6 4. Nf3 b6 5. Bc4 Bb7 6. O-O f6 7. Bf4 e5 8. dxe5
Nxe5 9. Nxe5 fxe5 10. Bg3 h5 11. f4 exf4 12. Rxf4 Qe7 13. Rf7 Qxf7 14. Bxf7+
Kxf7 15. Qxd7+ 1-0

[Event "Challenge"]
[Site "http://www.queenalice.com/game.php?id=1472270"]
[Date "2017.4.6"]
[Round "-"]
[White "thbn"]
[Black "rossi"]
[Result "1-0"]
[WhiteElo "1706"]
[BlackElo "1659"]

1. e4 Nf6 2. Nc3 d5 3. exd5 Nxd5 4. Nxd5 Qxd5 5. Nf3 Bg4 6. Be2 Nc6 7. O-O e5 8.
h3 Bh5 9. Re1 O-O-O 10. a3 Nd4 11. Nxd4 Qxd4 12. Bxh5 g6 13. Bg4+ f5 14. Be2 Bc5
15. Rf1 Bxa3 16. Rxa3 1-0